000
00247nam a2200097Ia 4500
005
20251222154333.0
008
251222s9999||||xx |||||||||||||| ||spa||
082
_a
REF.985.008/C76/T.IV/V.I
245
0
_a
El Perú en las Cortes de Cádiz
942
_c
LIB
999
_c
34240
_d
34240